|
|
|
|
| LEADER |
00000nam a2200000 a 4500 |
| 001 |
UCI8598 |
| 003 |
CL-VaPUC |
| 008 |
080911e20060000AG |||||||||||||||||spa|d |
| 020 |
|
|
|a 9870404545
|
| 082 |
0 |
4 |
|a 813
|b LAM
|2 21
|
| 100 |
|
|
|a Lamb, Harold
|e author
|9 532104
|
| 245 |
1 |
0 |
|a Carlomagno
|
| 250 |
|
|
|a 1a. ed
|
| 300 |
|
|
|a 335 p
|
| 942 |
|
|
|c BK
|
| 945 |
|
|
|d 20080911 00:00:00
|a jtorresc
|
| 260 |
|
|
|a Buenos Aires
|b Alfaguara
|c 2006
|
| 650 |
|
0 |
|a Novelas estadounidenses
|9 265217
|
| 650 |
|
0 |
|a Novelas históricas
|9 342315
|
| 583 |
|
|
|a last modification
|c 20080911 00:00:00
|k Rodrigo Vera
|
| 999 |
|
|
|c 331414
|d 331412
|
| 952 |
|
|
|0 0
|1 0
|4 0
|6 813_000000000000000_LAM_2006
|7 0
|8 A
|9 418065
|a BIBEDU
|b BIBEDU
|d 2019-11-22
|i 4480600
|o 813 LAM 2006
|p 4480600
|r 2019-11-22
|w 2019-11-22
|y BK
|k EBA
|